000 00807nam a2200229Ia 4500
001 10212
003 GE_BSU
008 181216s||||||||xx |||||||||||||| ||und||
040 _cGE_BSU
080 _a821.353.1–32
100 _aსულაკაური,არჩილ
245 _aმოთხრობები.წ.1
245 _bმოთხრობები. რომანი.ზღაპარი
245 _cრედ.მილიცა ჯაფარიძე.მხატვ.ჯ.ზენაიშვილი
260 _aთბილისი
260 _bმერანი
260 _c1986
300 _a640გვ.21სმ.
653 _aმოთხრობები
653 _aმოთხრობები. რომანი.ზღაპარი
942 _cBK
999 _c43481
_d43481